000 00996nam a2200265Ia 4500
008 130821s sz gr spa
040 _aCo-BoUCM
_bspa
041 0 0 _aspa
245 1 3 _aEl derecho internacional humanitario consuetudinario
_cJean-Marie Henckaerts y Louise Doswald-Beck
260 _aGinebra (Suiza)
_bCICR
_c[fecha desconocida]
300 _a761 páginas
650 0 4 _aDerecho internacional humanitario
_97496
650 0 4 _aDerecho internacional
_912776
650 0 4 _aDerechos humanos
_97499
650 0 4 _aGuerra
_xDerecho internacional
_916573
650 0 4 _aGuerra
_xDerechos de los civiles
_916573
700 1 _aAlvermann, Carolin
_9164244
700 1 _aDörmann, Knut
_977341
700 1 _aDoswald-Beck, Louise
_977343
700 1 _aRolle, Baptiste
_9164245
700 1 _aSerrano García, Margarita
_etrad.
_9164246
710 1 _aComité Internacional de la Cruz Roja. CICR
_982667
942 _cLIBRO
_a8
_e1
_mC987d
_2DEWEY
_h341.67
999 _c56402
_d56402